000 00893cab a2200241 4500
001 WB3239-58
008 090401t1996 xxu||||| |||| 00| 0 eng d
035 _a(Sirsi) u27665
041 _aeng
245 _aLiquidator`s agreement champertous
260 _c1996
350 _a0
490 _aTimes
_v14 October 1996, 42(1)
520 _a"Ward v Aitken and others, In re Oasis Merchandising Services Ltd" CA 9 October 1996. An agreement between the liquidators of an insolvent company and a third party to share fruit of claims against former directors was champertous and void, since it was not a sale of property of the company.
650 _aCHAMPERTY
650 _aINSOLVENCY ACT 1968 PARA 6
650 _aInsolvency
_96247
650 _aLIQUIDATION
650 _aWARD V AITKEN AND OTHERS
690 _aPROPERTY LAW AND PRACTICE-CASE LAW
942 _n0
948 _c04/03/1997
999 _c18629
_d18629